El tránsito internacional de mercancías /
Contiene: 1) La constante reconfiguración de los territorios en la Edad Antigua; 2) El derecho internacional sobre el tránsito de mercancías; 3) El derecho comparado sobre el tránsito internacional de mercancías; 4) El tránsito internacional de mercancías en el derecho mexicano; 5) Las tecnología de...
Uloženo v:
| Hlavní autor: | |
|---|---|
| Médium: | Kniha |
| Jazyk: | španělština |
| Vydáno: |
México :
Tirant Lo Blanch,
2025, c2025
|
| Edice: | (Tirant Monografías) [s.n.]
|
| Témata: | |
| Tagy: |
Žádné tagy, Buďte první, kdo vytvoří štítek k tomuto záznamu!
|
MARC
| LEADER | 00000nam^a2200000^a^4500 | ||
|---|---|---|---|
| 001 | 000625259 | ||
| 005 | 20251128000000.0 | ||
| 009 | 20260526154439.032 | ||
| 020 | |a 978-84-1071-327-7 | ||
| 037 | |a Acervo ITESO - Biblioteca | ||
| 041 | |a ESP | ||
| 082 | |a 341. 754 |b RIV | ||
| 100 | |a Rivera Vásquez, Jorge Alejandro |e (autor) | ||
| 245 | 1 | 3 | |a El tránsito internacional de mercancías / |c J.A. Rivera Vásquez. |
| 264 | 4 | |a México : |b Tirant Lo Blanch, |c 2025, c2025 | |
| 300 | |a 337 p. | ||
| 336 | |a texto |b txt |2 rdacontenido | ||
| 337 | |a sin mediación |b n |2 rdamedio | ||
| 338 | |a volumen |b nc |2 rdasoporte | ||
| 440 | 1 | |a (Tirant Monografías) [s.n.] | |
| 520 | |a Contiene: 1) La constante reconfiguración de los territorios en la Edad Antigua; 2) El derecho internacional sobre el tránsito de mercancías; 3) El derecho comparado sobre el tránsito internacional de mercancías; 4) El tránsito internacional de mercancías en el derecho mexicano; 5) Las tecnología de información y comunicación aplicadas al tránsito internacional mercancías. | ||
| 521 | |a Librerías 2025 Gonvill | ||
| 649 | |a XX | ||
| 650 | |a Traslado de Mercancías - |x Aspectos Jurídicos - |x Tema Principal | ||
| 650 | |a Regímenes Aduaneros | ||
| 650 | |a Comercio Internacional - |x Historia | ||
| 650 | |a Comercio Internacional - |x Aspectos Jurídicos - |x Tema Principal | ||
| 650 | |a Economía Internacional | ||
| 650 | |a Derecho Aduanero | ||
| 650 | |a Derecho Mercantil | ||
| 650 | |a Derecho Internacional | ||
| 650 | |a Derecho | ||
| 910 | |a Fondo General | ||
| 920 | |a Impresos - Libros | ||
| 930 | |a Colección General | ||
| 905 | |a 101 | ||
| 901 | |a 625259-10 |b IT1 |c ACC |i C191140 |u 20251128 | ||
| 902 | |a https://opac.biblio.iteso.mx/vufind/Record/000625259 | ||